00279nam a2200109Ia 4500008004100000082001800041100001700059245004000076250000800116260003700124300000800161191201s2010 xx 000 0 und d a004.0151bTHC aTHANGARAJ, P 0aComputer Oriented Numerical Methods aRep c2010bBPB PublicationaNEW DELHI a588